Statistics for Most Common Last Names in the U.S.

Click here to take the quiz!

General Stats

  • This quiz has been taken 137,244 times
  • The average score is 8 of 30

Answer Stats

# People Letter Last Name % Correct
2,376,206SSmith
97%
1,857,160JJohnson
67%
1,362,755JJones
62%
1,534,042WWilliams
47%
1,380,145BBrown
45%
666,125JJackson
42%
639,515WWhite
40%
783,051WWilson
25%
710,696TThomas
24%
762,394AAnderson
23%
672,711MMartin
22%
605,860LLee
21%
1,127,803MMiller
21%
644,368TThompson
21%
1,072,335DDavis
20%
593,542HHarris
19%
804,240RRodriguez
19%
720,370TTaylor
19%
621,536LLopez
16%
775,072MMartinez
14%
858,289GGarcia
14%
509,930LLewis
14%
548,369CClark
13%
706,372HHernandez
12%
503,028RRobinson
12%
597,718GGonzalez
12%
698,671MMoore
11%
501,307WWalker
10%
488,521PPerez
8%
473,568HHall
8%

Score Distribution

Percentile by Number Answered

Percent of People with Each Score

Your Score History

You have not taken this quiz